| 000 | 01229nam2a22003251 4500 | ||
|---|---|---|---|
| 001 | v19\rc\1514995 | ||
| 005 | 20250618170128.0 | ||
| 035 | _a(NLR Aleph) 004638811 | ||
| 090 |
_a3266328 _c3266328 |
||
| 100 | _a20060620d1885 |||y0rusy50 ca | ||
| 101 | 0 | _arus | |
| 102 | _aRU | ||
| 105 | _aa z ||||| | ||
| 200 | 0 | _aТ. 1. Ч. 1 | |
| 210 |
_d1885 _aБ. м. |
||
| 215 | _aX, [2], 519 с., 9 л. ил. | ||
| 461 | 0 |
_1001v19\rc\1514994 _12001#$aДарвинизм$eКрит. исслед. Н.Я. Данилевского. Т. 1-2$vТ. 1. Ч. 1 _1700#1$aДанилевский$bН.Я.$f1822-1885$gНиколай Яковлевич _93266320 _aДанилевский, Н. Я. (1822-1885) _cСанкт-Петербург _d1885-1889 _nМ.Е. Комаров _oКрит. исслед. Н.Я. Данилевского. Т. 1-2 _p3 т. _tДарвинизм _vТ. 1. Ч. 1 |
|
| 801 | 0 |
_aRU _bNLR _gpsbo |
|
| 801 | 0 |
_aRU _bRuMoRGB _2psbo |
|
| 801 | 1 |
_aRU _bProSoft-M _2rusmarc |
|
| 852 |
_aNLR _j127/1943 |
||
| 852 |
_aNLR _j18.221.5.3 (1-3) |
||
| 899 |
_aRuMoRGB _jM 53/14 |
||
| 899 | _aБАН | ||
| 899 | _aНБ СПбГУ | ||
| 899 | _aГПИБ | ||
| 899 |
_aRuMoRGB _jV 130/102 |
||
| 899 |
_aRuMoRGB _jM 153/14а |
||
| 942 | _cBOOK | ||
| 980 | _aNB | ||